UBT Library

The trading book course : (Record no. 563)

000 -LEADER
fixed length control field 00539nam a22001817a 4500
005 - DATE AND TIME OF LATEST TRANSACTION
control field 20160119084509.0
008 - FIXED-LENGTH DATA ELEMENTS--GENERAL INFORMATION
fixed length control field 120823s2013 nyua b 001 0 eng
020 ## - INTERNATIONAL STANDARD BOOK NUMBER
International Standard Book Number 9780071803366
041 0# - LANGUAGE CODE
Language code of text/sound track or separate title eng
080 ## - UNIVERSAL DECIMAL CLASSIFICATION NUMBER
Universal Decimal Classification number 336
100 1# - Rafti
Rafti Baiynd, Anne-Marie.
245 14 - TITLE STATEMENT
Title The trading book course :
Statement of responsibility, etc by Anne-Marie Baiynd.
260 ## -
-- New York :
-- McGraw-Hill,
-- 2013.
300 ## -
-- 181 f. :
-- me il.;
-- 23 cm.
505 ## -
-- Index: f. 177 - 181
650 #0 -
-- Investimet
942 ## - ADDED ENTRY ELEMENTS (KOHA)
Source of classification or shelving scheme
Item type Books
Holdings
Withdrawn status Lost status Source of classification or shelving scheme Damaged status Not for loan Collection code Permanent location Current location Shelving location Date acquired Total Checkouts Full call number Barcode Date last seen Price effective from Koha item type
          Koleksioni i përgjithshem UBT - Lipjan UBT - Lipjan Koleksioni i përgjithshem 04/01/2015   336 BAI 002-000975 04/01/2015 04/01/2015 Books
          Koleksioni i përgjithshem UBT - Lipjan UBT - Lipjan Koleksioni i përgjithshem 04/01/2015   336 BAI 002-000974 04/01/2015 04/01/2015 Books
          Koleksioni i përgjithshem UBT - Lipjan UBT - Lipjan Koleksioni i përgjithshem 04/01/2015   336 BAI 002-000968 04/01/2015 04/01/2015 Books
          Koleksioni i përgjithshem UBT - Lipjan UBT - Lipjan Koleksioni i përgjithshem 04/01/2015   336 BAI 002-000973 04/01/2015 04/01/2015 Books
          Koleksioni i përgjithshem UBT - Lipjan UBT - Lipjan Koleksioni i përgjithshem 04/01/2015   336 BAI 002-000967 04/01/2015 04/01/2015 Books
          Koleksioni i përgjithshem UBT - Lipjan UBT - Lipjan Koleksioni i përgjithshem 04/01/2015   336 BAI 002-000972 04/01/2015 04/01/2015 Books
          Koleksioni i përgjithshem UBT - Lipjan UBT - Lipjan Koleksioni i përgjithshem 04/01/2015   336 BAI 002-000966 04/01/2015 04/01/2015 Books
          Koleksioni i përgjithshem UBT - Lipjan UBT - Lipjan Koleksioni i përgjithshem 04/01/2015   336 BAI 002-000971 04/01/2015 04/01/2015 Books
          Koleksioni i përgjithshem UBT - Lipjan UBT - Lipjan Koleksioni i përgjithshem 04/01/2015   336 BAI 002-000767 04/01/2015 04/01/2015 Books
          Koleksioni i përgjithshem UBT - Lipjan UBT - Lipjan Koleksioni i përgjithshem 04/01/2015   336 BAI 002-000768 04/01/2015 04/01/2015 Books
          Koleksioni i përgjithshem UBT - Lipjan UBT - Lipjan Koleksioni i përgjithshem 04/01/2015   336 BAI 002-000776 04/01/2015 04/01/2015 Books
          Koleksioni i përgjithshem UBT - Lipjan UBT - Lipjan Koleksioni i përgjithshem 04/01/2015   336 BAI 002-000777 04/01/2015 04/01/2015 Books
          Koleksioni i përgjithshem UBT - Lipjan UBT - Lipjan Koleksioni i përgjithshem 04/01/2015   336 BAI 002-000778 04/01/2015 04/01/2015 Books
          Koleksioni i përgjithshem UBT - Lipjan UBT - Lipjan Koleksioni i përgjithshem 04/01/2015   336 BAI 002-000779 04/01/2015 04/01/2015 Books
          Koleksioni i përgjithshem UBT - Lipjan UBT - Lipjan Koleksioni i përgjithshem 04/01/2015   336 BAI 002-000780 04/01/2015 04/01/2015 Books
          Koleksioni i përgjithshem UBT - Lipjan UBT - Lipjan Koleksioni i përgjithshem 04/01/2015   336 BAI 002-000781 04/01/2015 04/01/2015 Books
          Koleksioni i përgjithshem UBT - Lipjan UBT - Lipjan Koleksioni i përgjithshem 04/01/2015   336 BAI 002-000782 04/01/2015 04/01/2015 Books
          Koleksioni i përgjithshem UBT - Lipjan UBT - Lipjan Koleksioni i përgjithshem 04/01/2015   336 BAI 002-000783 04/01/2015 04/01/2015 Books
          Koleksioni i përgjithshem UBT - Lipjan UBT - Lipjan Koleksioni i përgjithshem 04/01/2015   336 BAI 002-000784 04/01/2015 04/01/2015 Books
          Koleksioni i përgjithshem UBT - Lipjan UBT - Lipjan Koleksioni i përgjithshem 04/01/2015   336 BAI 002-000785 04/01/2015 04/01/2015 Books
          Koleksioni i përgjithshem UBT - Lipjan UBT - Lipjan Koleksioni i përgjithshem 04/01/2015   336 BAI 002-000786 04/01/2015 04/01/2015 Books
          Koleksioni i përgjithshem UBT - Lipjan UBT - Lipjan Koleksioni i përgjithshem 04/01/2015   336 BAI 002-000787 04/01/2015 04/01/2015 Books
          Koleksioni i përgjithshem UBT - Lipjan UBT - Lipjan Koleksioni i përgjithshem 04/01/2015   336 BAI 002-000788 04/01/2015 04/01/2015 Books
          Koleksioni i përgjithshem UBT - Lipjan UBT - Lipjan Koleksioni i përgjithshem 04/01/2015   336 BAI 002-000789 04/01/2015 04/01/2015 Books
          Koleksioni i përgjithshem UBT - Lipjan UBT - Lipjan Koleksioni i përgjithshem 04/01/2015   336 BAI 002-000790 04/01/2015 04/01/2015 Books
          Koleksioni i përgjithshem UBT - Lipjan UBT - Lipjan Koleksioni i përgjithshem 04/01/2015   336 BAI 002-000791 04/01/2015 04/01/2015 Books
          Koleksioni i përgjithshem UBT - Lipjan UBT - Lipjan Koleksioni i përgjithshem 04/01/2015   336 BAI 002-000792 04/01/2015 04/01/2015 Books
          Koleksioni i përgjithshem UBT - Lipjan UBT - Lipjan Koleksioni i përgjithshem 04/01/2015   336 BAI 002-000793 04/01/2015 04/01/2015 Books
          Koleksioni i përgjithshem UBT - Lipjan UBT - Lipjan Koleksioni i përgjithshem 04/01/2015   336 BAI 002-000794 04/01/2015 04/01/2015 Books
          Koleksioni i përgjithshem UBT - Lipjan UBT - Lipjan Koleksioni i përgjithshem 04/01/2015   336 BAI 002-000795 04/01/2015 04/01/2015 Books
          Koleksioni i përgjithshem UBT - Lipjan UBT - Lipjan Koleksioni i përgjithshem 04/01/2015   336 BAI 002-000796 04/01/2015 04/01/2015 Books
          Koleksioni i përgjithshem UBT - Lipjan UBT - Lipjan Koleksioni i përgjithshem 04/01/2015   336 BAI 002-000797 04/01/2015 04/01/2015 Books
          Koleksioni i përgjithshem UBT - Lipjan UBT - Lipjan Koleksioni i përgjithshem 04/01/2015   336 BAI 002-000798 04/01/2015 04/01/2015 Books
          Koleksioni i përgjithshem UBT - Lipjan UBT - Lipjan Koleksioni i përgjithshem 04/01/2015   336 BAI 002-000799 04/01/2015 04/01/2015 Books
          Koleksioni i përgjithshem UBT - Lipjan UBT - Lipjan Koleksioni i përgjithshem 04/01/2015   336 BAI 002-000800 04/01/2015 04/01/2015 Books
          Koleksioni i përgjithshem UBT - Lipjan UBT - Lipjan Koleksioni i përgjithshem 04/01/2015   336 BAI 002-000801 04/01/2015 04/01/2015 Books
          Koleksioni i përgjithshem UBT - Lipjan UBT - Lipjan Koleksioni i përgjithshem 04/01/2015   336 BAI 002-000802 04/01/2015 04/01/2015 Books
          Koleksioni i përgjithshem UBT - Lipjan UBT - Lipjan Koleksioni i përgjithshem 04/01/2015   336 BAI 002-000803 04/01/2015 04/01/2015 Books
          Koleksioni i përgjithshem UBT - Lipjan UBT - Lipjan Koleksioni i përgjithshem 04/01/2015   336 BAI 002-000804 04/01/2015 04/01/2015 Books
          Koleksioni i përgjithshem UBT - Lipjan UBT - Lipjan Koleksioni i përgjithshem 04/01/2015   336 BAI 002-000805 04/01/2015 04/01/2015 Books
          Koleksioni i përgjithshem UBT - Lipjan UBT - Lipjan Koleksioni i përgjithshem 04/01/2015   336 BAI 002-000806 04/01/2015 04/01/2015 Books
          Koleksioni i përgjithshem UBT - Lipjan UBT - Lipjan Koleksioni i përgjithshem 04/01/2015   336 BAI 002-000807 04/01/2015 04/01/2015 Books
          Koleksioni i përgjithshem UBT - Lipjan UBT - Lipjan Koleksioni i përgjithshem 04/01/2015   336 BAI 002-000808 04/01/2015 04/01/2015 Books
          Koleksioni i përgjithshem UBT - Lipjan UBT - Lipjan Koleksioni i përgjithshem 04/01/2015   336 BAI 002-000809 04/01/2015 04/01/2015 Books
          Koleksioni i përgjithshem UBT - Lipjan UBT - Lipjan Koleksioni i përgjithshem 04/01/2015   336 BAI 002-000810 04/01/2015 04/01/2015 Books
          Koleksioni i përgjithshem UBT - Lipjan UBT - Lipjan Koleksioni i përgjithshem 04/01/2015   336 BAI 002-000811 04/01/2015 04/01/2015 Books
          Koleksioni i përgjithshem UBT - Lipjan UBT - Lipjan Koleksioni i përgjithshem 04/01/2015   336 BAI 002-000812 04/01/2015 04/01/2015 Books
          Koleksioni i përgjithshem UBT - Lipjan UBT - Lipjan Koleksioni i përgjithshem 04/01/2015   336 BAI 002-000813 04/01/2015 04/01/2015 Books
          Koleksioni i përgjithshem UBT - Lipjan UBT - Lipjan Koleksioni i përgjithshem 04/01/2015   336 BAI 002-000814 04/01/2015 04/01/2015 Books
          Koleksioni i përgjithshem UBT - Lipjan UBT - Lipjan Koleksioni i përgjithshem 04/01/2015   336 BAI 002-000815 04/01/2015 04/01/2015 Books
          Koleksioni i përgjithshem UBT - Lipjan UBT - Lipjan Koleksioni i përgjithshem 04/01/2015   336 BAI 002-000816 04/01/2015 04/01/2015 Books
          Koleksioni i përgjithshem UBT - Lipjan UBT - Lipjan Koleksioni i përgjithshem 04/01/2015   336 BAI 002-000817 04/01/2015 04/01/2015 Books
          Koleksioni i përgjithshem UBT - Lipjan UBT - Lipjan Koleksioni i përgjithshem 04/01/2015   336 BAI 002-000818 04/01/2015 04/01/2015 Books
          Koleksioni i përgjithshem UBT - Lipjan UBT - Lipjan Koleksioni i përgjithshem 04/01/2015   336 BAI 002-000819 04/01/2015 04/01/2015 Books
          Koleksioni i përgjithshem UBT - Lipjan UBT - Lipjan Koleksioni i përgjithshem 04/01/2015   336 BAI 002-000820 04/01/2015 04/01/2015 Books
          Koleksioni i përgjithshem UBT - Lipjan UBT - Lipjan Koleksioni i përgjithshem 04/01/2015   336 BAI 002-000821 04/01/2015 04/01/2015 Books
          Koleksioni i përgjithshem UBT - Lipjan UBT - Lipjan Koleksioni i përgjithshem 04/01/2015   336 BAI 002-000822 04/01/2015 04/01/2015 Books
          Koleksioni i përgjithshem UBT - Lipjan UBT - Lipjan Koleksioni i përgjithshem 04/01/2015   336 BAI 002-000823 04/01/2015 04/01/2015 Books
          Koleksioni i përgjithshem UBT - Lipjan UBT - Lipjan Koleksioni i përgjithshem 04/01/2015   336 BAI 002-000824 04/01/2015 04/01/2015 Books
          Koleksioni i përgjithshem UBT - Lipjan UBT - Lipjan Koleksioni i përgjithshem 04/01/2015   336 BAI 002-000825 04/01/2015 04/01/2015 Books
          Koleksioni i përgjithshem UBT - Lipjan UBT - Lipjan Koleksioni i përgjithshem 04/01/2015   336 BAI 002-000826 04/01/2015 04/01/2015 Books
          Koleksioni i përgjithshem UBT - Lipjan UBT - Lipjan Koleksioni i përgjithshem 04/01/2015   336 BAI 002-000827 04/01/2015 04/01/2015 Books
          Koleksioni i përgjithshem UBT - Lipjan UBT - Lipjan Koleksioni i përgjithshem 04/01/2015   336 BAI 002-000828 04/01/2015 04/01/2015 Books
          Koleksioni i përgjithshem UBT - Lipjan UBT - Lipjan Koleksioni i përgjithshem 04/01/2015   336 BAI 002-000829 04/01/2015 04/01/2015 Books
          Koleksioni i përgjithshem UBT - Lipjan UBT - Lipjan Koleksioni i përgjithshem 04/01/2015   336 BAI 002-000830 11/08/2017 04/01/2015 Books
          Koleksioni i përgjithshem UBT - Lipjan UBT - Lipjan Koleksioni i përgjithshem 04/01/2015   336 BAI 002-000831 04/01/2015 04/01/2015 Books
          Koleksioni i përgjithshem UBT - Lipjan UBT - Lipjan Koleksioni i përgjithshem 04/01/2015   336 BAI 002-000832 04/01/2015 04/01/2015 Books
          Koleksioni i përgjithshem UBT - Lipjan UBT - Lipjan Koleksioni i përgjithshem 04/01/2015   336 BAI 002-000833 04/01/2015 04/01/2015 Books
          Koleksioni i përgjithshem UBT - Lipjan UBT - Lipjan Koleksioni i përgjithshem 04/01/2015   336 BAI 002-000834 04/01/2015 04/01/2015 Books
          Koleksioni i përgjithshem UBT - Lipjan UBT - Lipjan Koleksioni i përgjithshem 04/01/2015   336 BAI 002-000835 04/01/2015 04/01/2015 Books
          Koleksioni i përgjithshem UBT - Lipjan UBT - Lipjan Koleksioni i përgjithshem 04/01/2015   336 BAI 002-000836 04/01/2015 04/01/2015 Books
          Koleksioni i përgjithshem UBT - Lipjan UBT - Lipjan Koleksioni i përgjithshem 04/01/2015   336 BAI 002-000837 04/01/2015 04/01/2015 Books
          Koleksioni i përgjithshem UBT - Lipjan UBT - Lipjan Koleksioni i përgjithshem 04/01/2015   336 BAI 002-000838 04/01/2015 04/01/2015 Books
          Koleksioni i përgjithshem UBT - Lipjan UBT - Lipjan Koleksioni i përgjithshem 04/01/2015   336 BAI 002-000839 04/01/2015 04/01/2015 Books
          Koleksioni i përgjithshem UBT - Lipjan UBT - Lipjan Koleksioni i përgjithshem 04/01/2015   336 BAI 002-000840 04/01/2015 04/01/2015 Books
          Koleksioni i përgjithshem UBT - Lipjan UBT - Lipjan Koleksioni i përgjithshem 04/01/2015   336 BAI 002-000841 04/01/2015 04/01/2015 Books
          Koleksioni i përgjithshem UBT - Lipjan UBT - Lipjan Koleksioni i përgjithshem 04/01/2015   336 BAI 002-000842 04/01/2015 04/01/2015 Books
          Koleksioni i përgjithshem UBT - Lipjan UBT - Lipjan Koleksioni i përgjithshem 04/01/2015   336 BAI 002-000843 04/01/2015 04/01/2015 Books
          Koleksioni i përgjithshem UBT - Lipjan UBT - Lipjan Koleksioni i përgjithshem 04/01/2015   336 BAI 002-000844 04/01/2015 04/01/2015 Books
          Koleksioni i përgjithshem UBT - Lipjan UBT - Lipjan Koleksioni i përgjithshem 04/01/2015   336 BAI 002-000845 04/01/2015 04/01/2015 Books
          Koleksioni i përgjithshem UBT - Lipjan UBT - Lipjan Koleksioni i përgjithshem 04/01/2015   336 BAI 002-000846 04/01/2015 04/01/2015 Books
          Koleksioni i përgjithshem UBT - Lipjan UBT - Lipjan Koleksioni i përgjithshem 04/01/2015   336 BAI 002-000847 04/01/2015 04/01/2015 Books
          Koleksioni i përgjithshem UBT - Lipjan UBT - Lipjan Koleksioni i përgjithshem 04/01/2015   336 BAI 002-000848 04/01/2015 04/01/2015 Books
          Koleksioni i përgjithshem UBT - Lipjan UBT - Lipjan Koleksioni i përgjithshem 04/01/2015   336 BAI 002-000849 04/01/2015 04/01/2015 Books
          Koleksioni i përgjithshem UBT - Lipjan UBT - Lipjan Koleksioni i përgjithshem 04/01/2015   336 BAI 002-000850 04/01/2015 04/01/2015 Books
          Koleksioni i përgjithshem UBT - Lipjan UBT - Lipjan Koleksioni i përgjithshem 04/01/2015   336 BAI 002-000851 04/01/2015 04/01/2015 Books
          Koleksioni i përgjithshem UBT - Lipjan UBT - Lipjan Koleksioni i përgjithshem 04/01/2015   336 BAI 002-000852 04/01/2015 04/01/2015 Books
          Koleksioni i përgjithshem UBT - Lipjan UBT - Lipjan Koleksioni i përgjithshem 04/01/2015   336 BAI 002-000853 04/01/2015 04/01/2015 Books
          Koleksioni i përgjithshem UBT - Lipjan UBT - Lipjan Koleksioni i përgjithshem 04/01/2015   336 BAI 002-000854 04/01/2015 04/01/2015 Books
          Koleksioni i përgjithshem UBT - Lipjan UBT - Lipjan Koleksioni i përgjithshem 04/01/2015   336 BAI 002-000855 04/01/2015 04/01/2015 Books
          Koleksioni i përgjithshem UBT - Lipjan UBT - Lipjan Koleksioni i përgjithshem 04/01/2015   336 BAI 002-000856 04/01/2015 04/01/2015 Books
          Koleksioni i përgjithshem UBT - Lipjan UBT - Lipjan Koleksioni i përgjithshem 04/01/2015   336 BAI 002-000857 04/01/2015 04/01/2015 Books
          Koleksioni i përgjithshem UBT - Lipjan UBT - Lipjan Koleksioni i përgjithshem 04/01/2015   336 BAI 002-000858 04/01/2015 04/01/2015 Books
          Koleksioni i përgjithshem UBT - Lipjan UBT - Lipjan Koleksioni i përgjithshem 04/01/2015   336 BAI 002-000859 04/01/2015 04/01/2015 Books
          Koleksioni i përgjithshem UBT - Lipjan UBT - Lipjan Koleksioni i përgjithshem 04/01/2015   336 BAI 002-000860 04/01/2015 04/01/2015 Books
          Koleksioni i përgjithshem UBT - Lipjan UBT - Lipjan Koleksioni i përgjithshem 04/01/2015   336 BAI 002-000861 04/01/2015 04/01/2015 Books
          Koleksioni i përgjithshem UBT - Lipjan UBT - Lipjan Koleksioni i përgjithshem 04/01/2015   336 BAI 002-000862 04/01/2015 04/01/2015 Books
          Koleksioni i përgjithshem UBT - Lipjan UBT - Lipjan Koleksioni i përgjithshem 04/01/2015   336 BAI 002-000863 04/01/2015 04/01/2015 Books
          Koleksioni i përgjithshem UBT - Lipjan UBT - Lipjan Koleksioni i përgjithshem 04/01/2015   336 BAI 002-000864 04/01/2015 04/01/2015 Books
          Koleksioni i përgjithshem UBT - Lipjan UBT - Lipjan Koleksioni i përgjithshem 04/01/2015   336 BAI 002-000865 04/01/2015 04/01/2015 Books
          Koleksioni i përgjithshem UBT - Lipjan UBT - Lipjan Koleksioni i përgjithshem 04/01/2015   336 BAI 002-000866 04/01/2015 04/01/2015 Books
          Koleksioni i përgjithshem UBT - Lipjan UBT - Lipjan Koleksioni i përgjithshem 04/01/2015   336 BAI 002-000867 04/01/2015 04/01/2015 Books
          Koleksioni i përgjithshem UBT - Lipjan UBT - Lipjan Koleksioni i përgjithshem 04/01/2015   336 BAI 002-000868 04/01/2015 04/01/2015 Books
          Koleksioni i përgjithshem UBT - Lipjan UBT - Lipjan Koleksioni i përgjithshem 04/01/2015   336 BAI 002-000869 04/01/2015 04/01/2015 Books
          Koleksioni i përgjithshem UBT - Lipjan UBT - Lipjan Koleksioni i përgjithshem 04/01/2015   336 BAI 002-000870 04/01/2015 04/01/2015 Books
          Koleksioni i përgjithshem UBT - Lipjan UBT - Lipjan Koleksioni i përgjithshem 04/01/2015   336 BAI 002-000871 04/01/2015 04/01/2015 Books
          Koleksioni i përgjithshem UBT - Lipjan UBT - Lipjan Koleksioni i përgjithshem 04/01/2015   336 BAI 002-000872 04/01/2015 04/01/2015 Books
          Koleksioni i përgjithshem UBT - Lipjan UBT - Lipjan Koleksioni i përgjithshem 04/01/2015   336 BAI 002-000873 04/01/2015 04/01/2015 Books
          Koleksioni i përgjithshem UBT - Lipjan UBT - Lipjan Koleksioni i përgjithshem 04/01/2015   336 BAI 002-000874 04/01/2015 04/01/2015 Books
          Koleksioni i përgjithshem UBT - Lipjan UBT - Lipjan Koleksioni i përgjithshem 04/01/2015   336 BAI 002-000875 04/01/2015 04/01/2015 Books
          Koleksioni i përgjithshem UBT - Lipjan UBT - Lipjan Koleksioni i përgjithshem 04/01/2015   336 BAI 002-000876 04/01/2015 04/01/2015 Books
          Koleksioni i përgjithshem UBT - Lipjan UBT - Lipjan Koleksioni i përgjithshem 04/01/2015   336 BAI 002-000877 04/01/2015 04/01/2015 Books
          Koleksioni i përgjithshem UBT - Lipjan UBT - Lipjan Koleksioni i përgjithshem 04/01/2015   336 BAI 002-000878 04/01/2015 04/01/2015 Books
          Koleksioni i përgjithshem UBT - Lipjan UBT - Lipjan Koleksioni i përgjithshem 04/01/2015   336 BAI 002-000879 04/01/2015 04/01/2015 Books
          Koleksioni i përgjithshem UBT - Lipjan UBT - Lipjan Koleksioni i përgjithshem 04/01/2015   336 BAI 002-000880 04/01/2015 04/01/2015 Books
          Koleksioni i përgjithshem UBT - Lipjan UBT - Lipjan Koleksioni i përgjithshem 04/01/2015   336 BAI 002-000881 04/01/2015 04/01/2015 Books
          Koleksioni i përgjithshem UBT - Lipjan UBT - Lipjan Koleksioni i përgjithshem 04/01/2015   336 BAI 002-000882 04/01/2015 04/01/2015 Books
          Koleksioni i përgjithshem UBT - Lipjan UBT - Lipjan Koleksioni i përgjithshem 04/01/2015   336 BAI 002-000883 04/01/2015 04/01/2015 Books
          Koleksioni i përgjithshem UBT - Lipjan UBT - Lipjan Koleksioni i përgjithshem 04/01/2015   336 BAI 002-000884 04/01/2015 04/01/2015 Books
          Koleksioni i përgjithshem UBT - Lipjan UBT - Lipjan Koleksioni i përgjithshem 04/01/2015   336 BAI 002-000885 04/01/2015 04/01/2015 Books
          Koleksioni i përgjithshem UBT - Lipjan UBT - Lipjan Koleksioni i përgjithshem 04/01/2015   336 BAI 002-000886 04/01/2015 04/01/2015 Books
          Koleksioni i përgjithshem UBT - Lipjan UBT - Lipjan Koleksioni i përgjithshem 04/01/2015   336 BAI 002-000887 04/01/2015 04/01/2015 Books
          Koleksioni i përgjithshem UBT - Lipjan UBT - Lipjan Koleksioni i përgjithshem 04/01/2015   336 BAI 002-000888 04/01/2015 04/01/2015 Books
          Koleksioni i përgjithshem UBT - Lipjan UBT - Lipjan Koleksioni i përgjithshem 04/01/2015   336 BAI 002-000889 04/01/2015 04/01/2015 Books
          Koleksioni i përgjithshem UBT - Lipjan UBT - Lipjan Koleksioni i përgjithshem 04/01/2015   336 BAI 002-000890 04/01/2015 04/01/2015 Books
          Koleksioni i përgjithshem UBT - Lipjan UBT - Lipjan Koleksioni i përgjithshem 04/01/2015   336 BAI 002-000891 04/01/2015 04/01/2015 Books
          Koleksioni i përgjithshem UBT - Lipjan UBT - Lipjan Koleksioni i përgjithshem 04/01/2015   336 BAI 002-000892 04/01/2015 04/01/2015 Books
          Koleksioni i përgjithshem UBT - Lipjan UBT - Lipjan Koleksioni i përgjithshem 04/01/2015   336 BAI 002-000893 04/01/2015 04/01/2015 Books
          Koleksioni i përgjithshem UBT - Lipjan UBT - Lipjan Koleksioni i përgjithshem 04/01/2015   336 BAI 002-000894 04/01/2015 04/01/2015 Books
          Koleksioni i përgjithshem UBT - Lipjan UBT - Lipjan Koleksioni i përgjithshem 04/01/2015   336 BAI 002-000895 04/01/2015 04/01/2015 Books
          Koleksioni i përgjithshem UBT - Lipjan UBT - Lipjan Koleksioni i përgjithshem 04/01/2015   336 BAI 002-000896 04/01/2015 04/01/2015 Books
          Koleksioni i përgjithshem UBT - Lipjan UBT - Lipjan Koleksioni i përgjithshem 04/01/2015   336 BAI 002-000897 04/01/2015 04/01/2015 Books
          Koleksioni i përgjithshem UBT - Lipjan UBT - Lipjan Koleksioni i përgjithshem 04/01/2015   336 BAI 002-000898 04/01/2015 04/01/2015 Books
          Koleksioni i përgjithshem UBT - Lipjan UBT - Lipjan Koleksioni i përgjithshem 04/01/2015   336 BAI 002-000899 04/01/2015 04/01/2015 Books
          Koleksioni i përgjithshem UBT - Lipjan UBT - Lipjan Koleksioni i përgjithshem 04/01/2015   336 BAI 002-000900 04/01/2015 04/01/2015 Books
          Koleksioni i përgjithshem UBT - Lipjan UBT - Lipjan Koleksioni i përgjithshem 04/01/2015   336 BAI 002-000901 04/01/2015 04/01/2015 Books
          Koleksioni i përgjithshem UBT - Lipjan UBT - Lipjan Koleksioni i përgjithshem 04/01/2015   336 BAI 002-000902 04/01/2015 04/01/2015 Books
          Koleksioni i përgjithshem UBT - Lipjan UBT - Lipjan Koleksioni i përgjithshem 04/01/2015   336 BAI 002-000903 04/01/2015 04/01/2015 Books
          Koleksioni i përgjithshem UBT - Lipjan UBT - Lipjan Koleksioni i përgjithshem 04/01/2015   336 BAI 002-000904 04/01/2015 04/01/2015 Books
          Koleksioni i përgjithshem UBT - Lipjan UBT - Lipjan Koleksioni i përgjithshem 04/01/2015   336 BAI 002-000905 04/01/2015 04/01/2015 Books
          Koleksioni i përgjithshem UBT - Lipjan UBT - Lipjan Koleksioni i përgjithshem 04/01/2015   336 BAI 002-000906 04/01/2015 04/01/2015 Books
          Koleksioni i përgjithshem UBT - Lipjan UBT - Lipjan Koleksioni i përgjithshem 04/01/2015   336 BAI 002-000907 04/01/2015 04/01/2015 Books
          Koleksioni i përgjithshem UBT - Lipjan UBT - Lipjan Koleksioni i përgjithshem 04/01/2015   336 BAI 002-000908 04/01/2015 04/01/2015 Books
          Koleksioni i përgjithshem UBT - Lipjan UBT - Lipjan Koleksioni i përgjithshem 04/01/2015   336 BAI 002-000909 04/01/2015 04/01/2015 Books
          Koleksioni i përgjithshem UBT - Lipjan UBT - Lipjan Koleksioni i përgjithshem 04/01/2015   336 BAI 002-000910 04/01/2015 04/01/2015 Books
          Koleksioni i përgjithshem UBT - Lipjan UBT - Lipjan Koleksioni i përgjithshem 11/08/2017   336 BAI 002-2937573 11/08/2017 11/08/2017 Books
          Koleksioni i përgjithshem UBT - Lipjan UBT - Lipjan Koleksioni i përgjithshem 11/08/2017   336 BAI 002-2937578 11/08/2017 11/08/2017 Books
          Koleksioni i përgjithshem UBT - Lipjan UBT - Lipjan Koleksioni i përgjithshem 11/08/2017   336 BAI 002-2937572 11/08/2017 11/08/2017 Books
          Koleksioni i përgjithshem UBT - Lipjan UBT - Lipjan Koleksioni i përgjithshem 11/08/2017   336 BAI 002-2937577 11/08/2017 11/08/2017 Books
          Koleksioni i përgjithshem UBT - Lipjan UBT - Lipjan Koleksioni i përgjithshem 11/08/2017   336 BAI 002-2937582 11/08/2017 11/08/2017 Books
          Koleksioni i përgjithshem UBT - Lipjan UBT - Lipjan Koleksioni i përgjithshem 11/08/2017   336 BAI 002-2937587 11/08/2017 11/08/2017 Books
          Koleksioni i përgjithshem UBT - Lipjan UBT - Lipjan Koleksioni i përgjithshem 11/08/2017   336 BAI 002-2937592 11/08/2017 11/08/2017 Books
          Koleksioni i përgjithshem UBT - Lipjan UBT - Lipjan Koleksioni i përgjithshem 11/08/2017   336 BAI 002-2937597 11/08/2017 11/08/2017 Books
          Koleksioni i përgjithshem UBT - Lipjan UBT - Lipjan Koleksioni i përgjithshem 11/08/2017   336 BAI 002-2937602 11/08/2017 11/08/2017 Books
          Koleksioni i përgjithshem UBT - Lipjan UBT - Lipjan Koleksioni i përgjithshem 11/08/2017   336 BAI 002-2937607 11/08/2017 11/08/2017 Books
          Koleksioni i përgjithshem UBT - Lipjan UBT - Lipjan Koleksioni i përgjithshem 11/08/2017   336 BAI 002-2937612 11/08/2017 11/08/2017 Books
          Koleksioni i përgjithshem UBT - Lipjan UBT - Lipjan Koleksioni i përgjithshem 11/08/2017   336 BAI 002-2937617 11/08/2017 11/08/2017 Books
          Koleksioni i përgjithshem UBT - Lipjan UBT - Lipjan Koleksioni i përgjithshem 11/08/2017   336 BAI 002-2937622 11/08/2017 11/08/2017 Books
          Koleksioni i përgjithshem UBT - Lipjan UBT - Lipjan Koleksioni i përgjithshem 11/08/2017   336 BAI 002-2937627 11/08/2017 11/08/2017 Books
          Koleksioni i përgjithshem UBT - Lipjan UBT - Lipjan Koleksioni i përgjithshem 11/08/2017   336 BAI 002-2937571 11/08/2017 11/08/2017 Books
          Koleksioni i përgjithshem UBT - Lipjan UBT - Lipjan Koleksioni i përgjithshem 11/08/2017   336 BAI 002-2937576 11/08/2017 11/08/2017 Books
          Koleksioni i përgjithshem UBT - Lipjan UBT - Lipjan Koleksioni i përgjithshem 11/08/2017   336 BAI 002-2937581 11/08/2017 11/08/2017 Books
          Koleksioni i përgjithshem UBT - Lipjan UBT - Lipjan Koleksioni i përgjithshem 11/08/2017   336 BAI 002-2937586 11/08/2017 11/08/2017 Books
          Koleksioni i përgjithshem UBT - Lipjan UBT - Lipjan Koleksioni i përgjithshem 11/08/2017   336 BAI 002-2937591 11/08/2017 11/08/2017 Books
          Koleksioni i përgjithshem UBT - Lipjan UBT - Lipjan Koleksioni i përgjithshem 11/08/2017   336 BAI 002-2937596 11/08/2017 11/08/2017 Books
          Koleksioni i përgjithshem UBT - Lipjan UBT - Lipjan Koleksioni i përgjithshem 11/08/2017   336 BAI 002-2937601 11/08/2017 11/08/2017 Books
          Koleksioni i përgjithshem UBT - Lipjan UBT - Lipjan Koleksioni i përgjithshem 11/08/2017   336 BAI 002-2937606 11/08/2017 11/08/2017 Books
          Koleksioni i përgjithshem UBT - Lipjan UBT - Lipjan Koleksioni i përgjithshem 11/08/2017   336 BAI 002-2937611 11/08/2017 11/08/2017 Books
          Koleksioni i përgjithshem UBT - Lipjan UBT - Lipjan Koleksioni i përgjithshem 11/08/2017   336 BAI 002-2937616 11/08/2017 11/08/2017 Books
          Koleksioni i përgjithshem UBT - Lipjan UBT - Lipjan Koleksioni i përgjithshem 11/08/2017   336 BAI 002-2937621 11/08/2017 11/08/2017 Books
          Koleksioni i përgjithshem UBT - Lipjan UBT - Lipjan Koleksioni i përgjithshem 11/08/2017   336 BAI 002-2937626 11/08/2017 11/08/2017 Books
UBT Library © 2015-2024. All rights reserved University Education for Business and Technology